[Event "4NCL"]
[Site "Barcelo Hotel, Hinckley Islan"]
[Date "2012.01.15"]
[Round "4.11"]
[White "Howell, David WL"]
[Black "Short, Nigel D"]
[Result "1-0"]
[WhiteElo "2603"]
[BlackElo "2677"]
[Annotator "Ansell, Simon"]
[PlyCount "105"]
[EventDate "2012.??.??"]
[Source "www.chess.co.uk"]
[SourceDate "2012.03.01"]
[WhiteTeam "Wood Green Hilsmark 1"]
[BlackTeam "Guildford 1"]

1. e4 e6 2. d4 d5 3. Nd2 h6 ({I'm honestly not sure what to make of this move
that Nigel used to beat an out of form Mickey Adams at the recent London Chess
Classic. I suppose the idea is to wait for white to reveal his plans, then
play appropriately. In this game Nigel plays with ...Nf6 while avoiding the
dangerous f4 Tarrasch lines that arise after} 3... Nf6 4. e5 Nfd7 5. f4 {. But
the text does create a slight weakness of the kingside light squares.}) 4. Ngf3
({How about} 4. c3 $5 {, responding in kind?}) 4... Nf6 5. e5 Nfd7 6. Bd3 c5 7.
c3 Nc6 8. a3 a5 9. Nf1 c4 $5 {An interesting decision. Releasing the tension
in the centre gives black an easy plan of ...b5-b4 but White will have all the
fun on the kingside. It could be argued that having played 3...h6, this plan
is positionally forced because the typical French idea of blowing up the
centre with ...f6 is not viable here due to the weakness of the g6 square.} (
9... Qb6 {is simply answered by} 10. Bc2 {and it's hard for Black to increase
the pressure on d4.}) 10. Bc2 b5 11. Ng3 Nb6 12. Nh5 Bd7 {[diag] How can White
increase the pressure on the kingside?} 13. h4 ({My computer suggests the
ridiculous-looking} 13. Ng1 $1 {, with the simple idea of bringing the queen
to the g-file. However, David is human and brings the rook there instead.})
13... Qe7 14. Rh3 O-O-O 15. Rg3 {Forcing a further weakness.} g6 (15... f6 {or
15...f5 is answered by} 16. Nf4 $1 {and that g6 square is weak again.}) 16. Nf6
Bg7 17. Nh5 Bf8 18. Nf6 Bg7 19. h5 $1 g5 (19... Bxf6 20. exf6 Qxf6 21. hxg6 {
was probably the lesser evil, but it is easy to understand why Nigel didn't
want to defend a prospectless position without his dark-squared bishop for the
rest of the game.}) 20. Nh7 $6 (20. Nxg5 $1 {was very strong immediately, but
it's not long before David executes this move anyway. A sample variation is}
hxg5 21. Bxg5 Bxf6 (21... Qf8 22. Nh7 $1) 22. Bxf6 Qe8 23. Qf3 {when White
dominates completely.}) 20... Rdg8 21. Qe2 b4 ({Perhaps Black should try} 21...
f6 {here, but} 22. exf6 Bxf6 23. Nxf6 Qxf6 {again involves giving up the
dark-squared bishop.}) 22. axb4 axb4 {[diag]} 23. Nfxg5 $1 b3 24. Bb1 hxg5 25.
Bxg5 Qe8 26. Nf6 (26. Bf6 {was also possible, but} Bh6 27. Bxh8 Rxg3 28. fxg3
Qxh8 29. g4 Qg7 {doesn't look entirely clear to me, even though the computer
prefers White. Somehow the a1 rook and b1 bishop still have to be extracted.
David's choice is more natural.}) 26... Bxf6 27. Bxf6 Qf8 28. Rxg8 Rxg8 29. g4
{White has ample compensation for a piece. The f6 bishop is a monster and it's
obvious the kingside pawns will cost black material.} Be8 30. Bh7 Rh8 31. Bb1
Rg8 32. f4 Nd7 {Nigel rushes to eliminate the bishop.} 33. g5 ({I would have
been tempted to keep the best piece on the board with} 33. Bg5 {, but Black is
still tied up after the text.}) 33... Nxf6 34. exf6 Rh8 35. Kf2 $1 {Not
rushing.} Kb7 36. Kg3 Bd7 37. h6 {[diag]} Rxh6 $6 {Nigel goes for counterplay
but objectively I think he should just sit and wait here. It's not obvious how
White wins. Often in these situations something 'turns up'. Passive defence is
not, however, in Nigel's nature.} ({Re-routing the knight to d6 with} 37... Na7
{was probably better.}) 38. gxh6 Qxh6 39. Qh2 Qxf6 40. Qh7 {Probably not the
most accurate, but it's move 40 and I assume David was in his habitual
time-trouble.} (40. Bh7 $1 {, allowing the rook to finally participate in the
game.}) 40... Ne7 41. Qh5 Nc6 42. Bh7 $1 Qg7+ 43. Kf3 Be8 44. Rh1 Qf8 45. Qg5
$1 Kc7 46. Qf6 {Now White has a bind again and Black can't avoid the exchange
of queens to ease the pressure.} Qe7 47. Qxe7+ Nxe7 48. f5 $1 {Creating a
weakness and opening lines for the rook. David had no doubt seen the finish
already.} Nxf5 $6 {Black can resist longer with other moves, but they won't
change the result.} 49. Bxf5 exf5 50. Kf4 Bd7 51. Ke5 Be6 52. Rf1 Kd7 {[diag]}
53. Rxf5 $1 {White is winning the king and pawn endgame. If Black doesn't take
the rook, the winning plan is simple: re-route the rook to the a-file, check
on a7, play Kf6 then sacrifice the rook for the bishop on e6 to enter a
similar king and pawn endgame. So Nigel resigned. A fine game by David Howell.}
1-0

[Event "4NCL"]
[Site "De Vere, Sunningdale, ENG"]
[Date "2012.02.12"]
[Round "6.72"]
[White "Rose, Matthew"]
[Black "Pinter, Gabor"]
[Result "1-0"]
[WhiteElo "2282"]
[BlackElo "2360"]
[Annotator "Ansell, Simon"]
[PlyCount "69"]
[EventDate "2012.??.??"]
[Source "www.chess.co.uk"]
[SourceDate "2012.03.01"]
[WhiteTeam "Oxford 1"]
[BlackTeam "Cambridge University 1"]

1. e4 c5 2. Nf3 e6 3. c3 Nf6 4. e5 Nd5 5. d4 cxd4 6. cxd4 d6 7. Bc4 Nc6 8. O-O
Be7 9. a3 O-O 10. Re1 Qb6 {This seems like a funny square for the queen to me,
as it is likely to get hit by a rook after the b-file opens.} 11. Nc3 Nxc3 12.
bxc3 Bd7 13. Bd3 f6 $6 {Creating weaknesses on e6 and the kingside. There was
no need for drastic action just yet. Taking on e5 and dropping the queen back
to c7 (where it probably should have gone in the first place) was still
perfectly playable for Black.} 14. exf6 Bxf6 15. Rb1 Qc7 16. Ng5 {Gaining the
two bishops.} Bxg5 17. Bxg5 Rf7 18. Re3 h6 $2 {White is better here, but this
creates further weaknesses. Matt takes advantage in style. [diag]} 19. Qh5 $1 {
Simply threatening Qg6 with a devastating attack.} Be8 {What else?} 20. Qg6 $1
hxg5 21. Rh3 {The threat is mate in two starting with Rh8+.} (21. Qh7+ Kf8 22.
Rxe6 {was also very strong.}) 21... Kf8 22. Qxe6 g6 23. Bxg6 Nd8 24. Rh8+ Kg7
25. Qxe8 Kxg6 {[diag] Now we see a good old-fashioned king hunt!} 26. Qg8+ Rg7
27. Qe8+ Rf7 (27... Qf7 28. Qe4+ Kf6 (28... Qf5 29. Rh6+ {wins the queen}) 29.
Rb5 $1 {concludes matters.}) 28. Qe4+ Kg7 29. Qh7+ $1 Kf6 30. Qh6+ Ke7 31.
Qxg5+ Kd7 32. Qg4+ Kc6 {[diag]} 33. d5+ $1 Kxd5 34. Rh5+ Kc6 35. Qa4+ {That's
ten consecutive checks and the eleventh will be mate, so Black resigned.} 1-0

[Event "4NCL"]
[Site "De Vere, Sunningdale, ENG"]
[Date "2012.02.11"]
[Round "5.82"]
[White "Galego, Luis"]
[Black "McDonald, Neil"]
[Result "1/2-1/2"]
[WhiteElo "2481"]
[BlackElo "2457"]
[Annotator "Ansell, Simon"]
[PlyCount "62"]
[EventDate "2012.??.??"]
[Source "www.chess.co.uk"]
[SourceDate "2012.03.01"]
[WhiteTeam "Jutes of Kent"]
[BlackTeam "Wood Green Hilsmark 2"]

1. e4 e6 2. d4 d5 3. exd5 {Luis is not just relaxed off the chess board! That
doesn't mean he's not very strong.} exd5 4. Nf3 Nc6 5. h3 Nf6 6. c4 $6 {This
looks too risky to me with White's retarded development. Neil responds
energetically.} Bb4+ $1 {Of course, developing with tempo.} 7. Nc3 Ne4 8. Qc2
Qe7 9. Be3 $6 ({My computer suggests} 9. Kd1 $1 {and claims that White has a
perfectly playable position. I was reduced to something similar with White in
a game at the British Championship. When this happens, you know something has
gone wrong.}) 9... Bf5 $1 10. Qc1 Nxc3 11. bxc3 Ba3 12. Qd2 {[diag]} Nb4 $1 {
Oops. How often do you see a grandmaster completely busted with White after 12
moves of the French Exchange? To his great credit, Luis wakes up from his
horizontally relaxed state and starts setting Neil problems.} 13. cxd5 $1 {The
exclamation mark is because this is clearly the best practical chance.} Nc2+
14. Kd1 Nxa1 15. Bd3 Bxd3 16. Qxd3 O-O-O 17. Ke2 Rxd5 18. Rxa1 Rhd8 19. Rb1 f6
20. Qxh7 f5 21. c4 Ra5 22. d5 {[diag]} f4 $2 (22... Qe4 $1 {was very strong.})
23. Qf5+ Kb8 24. Nd4 $2 ({Looks natural and the kind of move to play when your
opponent is in time-trouble, but objectively} 24. Qxf4 {was stronger, when
White is probably ok.}) 24... Bb4 25. Qxf4 Rxa2+ 26. Kf1 Rf8 27. Qg3 {[diag]}
Qe4 $2 (27... Bd6 $1 {wins on the spot as the bishop on e3 is hanging after
the queen moves.}) 28. Rxb4 $1 Ra1+ 29. Ke2 Ra2+ 30. Kf1 Ra1+ 31. Ke2 Ra2+ {
and two no doubt relieved grandmasters headed for the bar.} 1/2-1/2

[Event "4NCL Division 1c"]
[Site "Barcelo Hotel, Hinkley Island"]
[Date "2012.04.01"]
[Round "8.21"]
[White "Zhou, Yang-Fan"]
[Black "Williams, Simon K"]
[Result "1-0"]
[WhiteElo "2438"]
[BlackElo "2506"]
[Annotator "Ansell, Simon"]
[PlyCount "45"]
[EventDate "2012.04.01"]
[Source "www.chess.co.uk"]
[SourceDate "2012.05.01"]
[WhiteTeam "Guildford 1"]
[BlackTeam "Jutes of Kent"]

1. e4 c5 2. Nf3 e6 3. d4 cxd4 4. Nxd4 d6 5. Nc3 a6 6. g4 b5 7. Bg2 Bb7 8. O-O {
[DIAG]} g5 $5 {??!?! I can't find this move in my database.} 9. a4 b4 10. Na2
h6 $5 {Ridicuously calm. Daring White to take a pawn, when Simon was no doubt
relying on his follow-up. Unfortunately, it fails spectacularly in a couple of
different ways!} 11. Nxb4 d5 {This is the cunning plan, but Black is so far
behind in development it can't possibly work. [DIAG]} 12. exd5 (12. Nxd5 $1 {
was even stronger, with a huge attack -} exd5 13. exd5 {when the open e-file
and knight coming to f5 mean that the black king won't last long. A sample
line is} Bxd5 ({or} 13... Bd6 14. Nf5 Nf6 15. Qd4 {when Black is completely
tied up.}) 14. Re1+ Be7 ({or} 14... Ne7 15. Nf5 {with too much pressure.}) 15.
Nf5 Bxg2 16. Rxe7+ $1 Nxe7 17. Ng7+ {winning the queen.}) 12... Bxb4 13. Nc6 $1
{Creating a huge pawn on c6 and monstrous light-squared bishop, which are more
than enough compensation for a piece. Even someone as resourceful as Simon is
unable to cope.} Bxc6 14. dxc6 Qxd1 15. Rxd1 Ra7 $2 {The final mistake.} ({
Better was} 15... Ne7 {, when after} 16. c7 Nbc6 17. c3 Ba5 18. Rd6 Bxc7 19.
Bxc6+ (19. Rxc6 O-O-O $1 {with sudden surprising counterplay.}) 19... Nxc6 20.
Rxc6 Kd7 {White should win with the extra pawn, but still has plenty of work
to do.}) 16. Be3 $1 {Obvious and very strong.} Rc7 17. Bb6 Rc8 18. c7 Nd7 19.
Bc6 Ngf6 {[DIAG]} 20. Rxd7 $1 Nxd7 21. Rd1 Ke7 22. Rxd7+ Kf6 23. Bb7 1-0

[Event "4NCL Division 1c"]
[Site "Barcelo Hotel, Hinkley Island"]
[Date "2012.04.01"]
[Round "8.41"]
[White "Griffiths, Ryan Rhys"]
[Black "Turner, Matthew J"]
[Result "0-1"]
[WhiteElo "2320"]
[BlackElo "2521"]
[Annotator "Ansell, Simon"]
[PlyCount "38"]
[EventDate "2012.04.01"]
[Source "www.chess.co.uk"]
[SourceDate "2012.05.01"]
[WhiteTeam "Barbican 4NCL 2"]
[BlackTeam "Barbican 4NCL 1"]

1. d4 d5 2. c4 e6 3. Nc3 Be7 4. cxd5 exd5 5. Bf4 c6 6. Qc2 g6 7. e3 Bf5 8. Qd2
Nf6 9. f3 Nbd7 10. g4 Be6 {[DIAG]} 11. Nh3 $6 ({I'm no expert on the Queen's
Gambit Declined Exchange Variation, but it seems to me that} 11. h4 {-h5,
should be the natural follow-up to White's 10th.}) 11... h5 $1 {Very
uncompromising and attempting to immediately refute White's play.} 12. Ng5 Nf8
13. Be2 $2 ({White needed to do something about the hanging g-pawn, but ceding
the e4-square is not the way.} 13. Nxe6 Nxe6 14. g5 Nd7 15. h4 Nxf4 16. exf4 {
would have led to a position where Black must be better due to pawn structure,
but immediate disaster has beeen averted.}) 13... hxg4 14. Nxe6 Nxe6 15. fxg4 {
[DIAG]} Bb4 $1 {It suddenly becomes clear that White has serious problems. The
end is swift.} 16. O-O Ne4 17. Qc2 Nxf4 18. exf4 Bxc3 19. bxc3 Rxh2 $1 {
Clinical by Matthew Turner.} 0-1

[Event "4NCL Division 1d"]
[Site "Barcelo Hotel, Hinkley Island"]
[Date "2012.04.01"]
[Round "8.71"]
[White "Dearing, Edward J"]
[Black "Talsma, Paul A"]
[Result "1-0"]
[WhiteElo "2411"]
[BlackElo "2240"]
[Annotator "Ansell, Simon"]
[PlyCount "25"]
[EventDate "2012.04.01"]
[Source "www.chess.co.uk"]
[SourceDate "2012.05.01"]
[WhiteTeam "Cambridge University 1"]
[BlackTeam "Anglian Avengers 1"]

1. d4 f5 2. g3 Nf6 3. c4 g6 4. Nf3 Bg7 5. b4 d6 6. Bb2 {So far so good. [DIAG]}
e5 $6 ({I have no idea if this is theory, but seems to me to surely be
premature.} 6... O-O {I usually prefer to get castled and have everything
defended before attempting such action in the centre.}) 7. dxe5 Nfd7 (7... Ng4
{is similar to the game.}) 8. Bg2 Nc6 9. O-O Ndxe5 10. Nxe5 {[DIAG]} Nxe5 $4 {
Either other recapture was better. At least, they don't lose immediately.} 11.
f4 $1 {1-0, because of} Nf3+ 12. exf3 Bxb2 13. Qe2+ {Presumably Black missed
White's 13th in this line.} 1-0

[Event "4NCL Division 1d"]
[Site "Barcelo Hotel, Hinkley Island"]
[Date "2012.04.01"]
[Round "8.83"]
[White "Hanley, Craig A"]
[Black "Rudd, Jack"]
[Result "1-0"]
[WhiteElo "2426"]
[BlackElo "2303"]
[Annotator "Ansell, Simon"]
[PlyCount "31"]
[EventDate "2012.04.01"]
[Source "www.chess.co.uk"]
[SourceDate "2012.05.01"]
[WhiteTeam "Wood Green Hilsmark 2"]
[BlackTeam "Bristol 1"]

1. c4 e5 2. Nc3 Nc6 3. g3 g6 4. Bg2 Bg7 5. a3 a5 6. e4 d6 7. Nge2 h5 8. h3 f5
9. d3 h4 10. Nd5 hxg3 11. fxg3 Be6 12. Be3 {[DIAG] Jack has successfully mixed
things up with h5-h4 against Craig's solid English opening and has a perfectly
playable unbalanced position, but his next is too ambitious.} Nd4 $6 {Wanting
to kick the strong d5-knight with ...c6, but it concedes the f4-square to a
white knight. With the weakness of the g6-pawn, this can not be a good thing.}
(12... a4 $5 {, taking space on the queenside, was interesting.}) 13. Bxd4 $1
exd4 14. exf5 gxf5 15. Qb3 $1 {[DIAG]} c6 $4 ({Now Black is trouble and should
attempt to grovel with} 15... Ne7 16. Nef4 {That f4 square.. .} Bc8 {which
looks horrible, but my computer only gives White a slight advantage here.}) 16.
Qxb7 $1 {The g7-bishop is hanging, which is what I assume Jack missed.} 1-0

[Event "Barcelo Hotel, Hinckley Island"]
[Site "Barcelo Hotel, Hinckley Islan"]
[Date "2012.05.06"]
[Round "10.116"]
[White "Arkell, Keith CC"]
[Black "Pert, Nicholas"]
[Result "0-1"]
[WhiteElo "2414"]
[BlackElo "2543"]
[Annotator "Ansell, Simon"]
[PlyCount "80"]
[EventDate "2012.05.06"]
[WhiteTeam "Cheddleton 1"]
[BlackTeam "Wood Green Hilsmark 1"]

1. Nf3 d5 2. c4 c6 3. d4 Nf6 4. Nc3 dxc4 5. a4 Bf5 6. Nh4 {Keith's favourite
move in this main line Slav position.} Bg4 $5 ({I've played both} 6... Bc8) ({
and} 6... e6 {here, but I wasn't aware of Nick's move, which is slightly
provocative, allowing White to expand on the kingside with tempo. A quick bit
of research tells me it has been played by, amongst others, Gelfand, Grischuk
and Akopian. This probably shows my current level of opening preparation.}) 7.
h3 Bh5 8. g4 Bg6 9. Nxg6 hxg6 10. e3 e6 11. Bxc4 Bb4 {[DIAG] The position now
resembles a 'Slow' Slav (the line starting with 4.e3) but here White has
kingside weaknesses that Nick exploits to the maximum later in the game.} 12.
Kf1 ({Carlsen has played} 12. Bf1 {here}) ({and Sokolov} 12. Qf3 {- both moves
that cover the kingside - but in general to me the whole variation looks
healthy for Black.}) 12... Nbd7 13. Kg2 Qa5 14. Na2 Be7 15. Bd2 Qc7 16. Nc3 Rd8
17. a5 O-O 18. g5 Nh5 19. h4 e5 20. d5 {[DIAG] Both sides have completed
development normally and now Nick's break in the centre prompts a tactical
skirmish.} b5 $1 21. Be2 (21. axb6 Nxb6 {is nice for Black - the c4-bishop and
d5-pawn are simultaneously hit.}) 21... b4 22. Na2 cxd5 23. Bxb4 Bxb4 24. Nxb4
{[DIAG]} d4 $1 {White pieces, in particluar the b4-knight, are strangely
coordinated and Nick opens lines towards the weak white king - the immediate
threat is 25...Qb7+, picking up the knight.} 25. Nd5 Qd6 26. e4 {Now Black's
only bad piece, the h5-knight is able to enter the game to be exchanged for
White's only good piece, the d5-knight.} (26. Bf3 {could have been tried,
though after} e4 $1 27. Bxe4 Nc5 28. Bf3 dxe3 {White is hanging on and
probably only a computer could successfully defend}) 26... Nf4+ 27. Nxf4 exf4
28. Bc4 {Attempting to activate the bishop. While it will look nice on d5, it
is striking at thin air and is no match for the black knight about to arrive
on e5. It's difficult to give good advice here though, as White's position is
full of holes in any case.} Ne5 29. Bd5 f3+ 30. Kg1 {[DIAG]} Qd7 $1 {The entry
of the queen into the White position spells the end.} 31. Kf1 Qg4 32. Rg1 Qh3+
33. Ke1 d3 34. Qd2 Qh2 35. Kf1 {[DIAG]} Rxd5 $1 {There are lots of ways to win,
but this is the prettiest.} 36. exd5 Re8 {If there was any doubt before, now
there is definitely no escape for the white king!} 37. Qe3 d2 38. Rg3 {and
Keith resigned rather than wait for} Qh1+ 39. Rg1 Qh3+ 40. Rg2 Qxg2# {A very
smooth win by Nick Pert.} 0-1

[Event "Barcelo Hotel, Hinckley Island"]
[Site "Barcelo Hotel, Hinckley Islan"]
[Date "2012.05.07"]
[Round "11.141"]
[White "Paehtz, Elisabeth"]
[Black "Short, Nigel D"]
[Result "0-1"]
[WhiteElo "2459"]
[BlackElo "2697"]
[Annotator "Ansell, Simon"]
[PlyCount "30"]
[EventDate "2012.05.07"]
[WhiteTeam "Cheddleton 1"]
[BlackTeam "Guildford 1"]

1. e4 c5 2. Nf3 Nc6 3. c3 d5 4. exd5 Qxd5 5. d4 Bf5 $5 {Slightly unusual.
Black's main choices here are 5...Bg4, 5...cxd4 and 5...Nf6.} 6. Be3 Nf6 7. Na3
cxd4 8. Nb5 O-O-O 9. Nfxd4 {[DIAG]} Ng4 $1 {Nigel plays very actively in this
short game and is already at least equal. White needs an improvement earlier -
perhaps 7. Na3, though a typical move in this line, is not the most accurate.}
10. Qe2 (10. Bd2 Qe4+ 11. Be2 Qxg2 12. Rf1 Nxh2 13. Nxf5 Qe4 14. Ne3 {is my
computer's suggestion, with crazy complications. Lack of space prevents me
from including a thorough analysis of this position, so you'll have to excuse
my continuing of the computer line and telling you it's a draw after} Ne5 15.
Nd4 Rxd4 16. cxd4 Nef3+ 17. Bxf3 Nxf3+ 18. Ke2 Nxd4+ 19. Ke1 Nf3+ 20. Ke2 Nd4+
{with a repetition.}) 10... Nxe3 11. Qxe3 Nxd4 12. Nxd4 e6 {[DIAG]} 13. Nb3 $2
{I assume White wanted to stop ...Bc5, but this is taking one too many
liberties in the opening.} ({It was of paramount importance to get the king to
safety -} 13. Be2 Bc5 (13... Qxg2 {is met by} 14. Bf3 Qh3 15. Nb5 $1 {with a
dangerous attack.}) 14. O-O {was ok, but of course Black is more than fine
here.}) 13... Bc2 $1 {The most direct. The f8-bishop wants to come to c5
anyway after an exchange on b3.} 14. Be2 (14. Nd4 {If the knight goes back to
d4 then} Bc5 {and White has just lost a couple of tempi with her king still
stuck in the centre.}) 14... Bxb3 {[DIAG]} 15. Bf3 $2 (15. axb3 Bc5 16. Bf3 $1
Bxe3 17. Bxd5 {was the only way to stay in the game, but Black is still better
in the endgame after} Bxf2+ 18. Kxf2 Rxd5 19. Rxa7 Kc7 {- the e-pawn is
already passed, Black has the d-file and the white king can also be weak.})
15... Qa5 {Winning a whole piece.} 0-1